000 00627nam a2200193 a 4500
005 20140310183309.0
008 051012s19uu xx 00 eng d
020 _a0781747031
050 _aRT 41
_b.J56 2004
100 _aJohnson, Joyce Young
245 _aHandbook for Brunner & Suddarth's textbook of :
_bmedical-surgical nursing /
_cJoyce Young Johnson.
260 _aPhiladelphia :
_bLippincott Williams & Wilkins,
_c2004.
300 _axix, 860 p. ;
_bill. ;
_c18 cm.
521 _aNUR
650 _aNursing Care
_xHandbooks.
650 _aPerioperative Nursing
_xHandbooks.
942 _cBK
_2lcc
_kFOR
999 _c21119
_d21119